书目信息 |
| 题名: |
河南河北行知书
|
|
| 作者: | 郭煜 , 郭炫 著 | |
| 分册: | ||
| 出版信息: | 广州 广东旅游出版社 2004 |
|
| 页数: | 287页 | |
| 开本: | 23cm | |
| 丛书名: | “酷驴”丛书 | |
| 单 册: | ||
| 中图分类: | K928.961 , K928.922 | |
| 科图分类: | ||
| 主题词: | 导游--河南省 , 导游--河北省 , 导游 | |
| 电子资源: | ||
| ISBN: | 7-80653-515-2 | |
| 000 | 00985oam2 2200313 450 | |
| 001 | 002789874 | |
| 005 | 20070807160802.31 | |
| 010 | @a7-80653-515-2@dCNY35.00 | |
| 035 | @a002789874 | |
| 100 | @a20050104d2004 em y0chiy0110 ea | |
| 101 | 0 | @achi |
| 102 | @aCN@b440000 | |
| 105 | @aab z 000yy | |
| 106 | @ar | |
| 200 | 1 | @a河南河北行知书@Ahe nan he bei xing zhi shu@f郭煜,郭炫著@Fguo yu, guo xuan zhu |
| 210 | @a广州@c广东旅游出版社@d2004 | |
| 215 | @a287页@c地图,照片@d23cm | |
| 225 | 2 | @a“酷驴”丛书@A“ ku lu^” cong shu |
| 330 | @a本书以图文并茂的形式介绍了从河南到河北的各个城市地区的地理位置、交通、衣食住宿、名胜古迹、风土人情等各种旅游资讯。 | |
| 461 | 0 | @1001002455567@12001 @a“酷驴”丛书 |
| 606 | 0 | @a导游@y河南省 |
| 606 | 0 | @a导游@y河北省 |
| 606 | 0 | @a导游 |
| 690 | @aK928.961@v4 | |
| 690 | @aK928.922@v4 | |
| 701 | 0 | @a郭煜@Aguo yu@c(女)@4著 |
| 701 | 0 | @a郭炫@Aguo xuan@c(女)@4著 |
| 801 | 0 | @aCN@bNLC@c20070807 |
| 905 | @dK928.961@e500@f1 | |
| 河南河北行知书/郭煜,郭炫著.-广州:广东旅游出版社,2004 |
| 287页:地图,照片;23cm.-(“酷驴”丛书) |
| ISBN 7-80653-515-2:CNY35.00 |
| 本书以图文并茂的形式介绍了从河南到河北的各个城市地区的地理位置、交通、衣食住宿、名胜古迹、风土人情等各种旅游资讯。 |
| ● |
| 相关链接 |
|
|
|
|
正题名:河南河北行知书
索取号:K928.961/500
 
预约/预借
| 序号 | 登录号 | 条形码 | 馆藏地/架位号 | 状态 | 备注 |
| 1 | 0853840 | 208538402 | 第二样本阅览室/ [索取号:K928.961/500] | 在馆 |